Hospodářska politika /

Salvato in:
Dettagli Bibliografici
Autori principali: Kasan, Jan (Autore), Žák, Milan, 1971- (Autore)
Natura: Libro
Lingua:ceco
Pubblicazione: Praha : ALEKO, 1991
Tags: Aggiungi Tag
Nessun Tag, puoi essere il primo ad aggiungerne!!

MARC

LEADER 00000nam a22000003a 4500
001 stu900
005 20150617225621.6
008 911219s1991----cs------------------cze-d
020 |a 80-85341-18-2 
040 |a STU  |b slo 
041 0 |a cze 
044 |a cs 
080 |a 338.2 
100 1 |a Kasan, Jan  |4 aut 
245 1 |a Hospodářska politika /  |c [aut.] Kasan,Jan; Žák,Milan 
260 |a Praha :  |b ALEKO,  |c 1991 
300 |a 160 s 
700 1 |a Žák, Milan,  |d 1971-  |4 aut  |X 4381  |7 A000004381 
996 |b E75795  |c R*75795  |l RRUM  |s A  |a 24  |w stu900_0001